157 mẫu thư tín bằng tiếng Hoa trong giao dịch kinh doanh
Na minha lista:
| Autor principal: | |
|---|---|
| Formato: | Livro |
| Idioma: | Vietnamese |
| Publicado em: |
TP. Hồ Chí Minh
Nxb Trẻ
2002
|
| Assuntos: | |
| Tags: |
Adicionar Tag
Sem tags, seja o primeiro a adicionar uma tag!
|
| Thư viện lưu trữ: | Trung tâm Học liệu Lê Vũ Hùng, Trường Đại học Đồng Tháp |
|---|
| LEADER | 00767aam a22002418a 4500 | ||
|---|---|---|---|
| 001 | 00028885 | ||
| 005 | 20171026081023.0 | ||
| 008 | 120423s2002 ||||||viesd | ||
| 020 | |c 24000 | ||
| 041 | 0 | # | |a vie |
| 082 | 1 | 4 | |b M458TR |a 495.1 |
| 100 | 1 | # | |a Tô, Cẩm Duy |
| 245 | 1 | 0 | |a 157 mẫu thư tín bằng tiếng Hoa trong giao dịch kinh doanh |c Tô Cẩm Duy |
| 260 | # | # | |a TP. Hồ Chí Minh |b Nxb Trẻ |c 2002 |
| 300 | # | # | |a 276 tr. |c 19cm. |
| 546 | # | # | |a song ngữ Hoa-Việt |
| 653 | # | # | |a Mẫu thư tín |
| 653 | # | # | |a Ngôn ngữ |
| 653 | # | # | |a Tiếng Hoa |
| 852 | # | # | |b Kho đọc |j KD.0012614 |
| 852 | # | # | |j KD.0012614 |
| 910 | |d 23/04/2012 | ||
| 980 | # | # | |a Trung tâm Học liệu Lê Vũ Hùng, Trường Đại học Đồng Tháp |